Οι ανεμόμυλοι στο Αιγαίο : διπλωματική εργασία

Σκοπός της παρούσας εργασίας είναι η ανάδειξη των ανεμόμυλων τύπου «κοινού πυργόμυλου» στον ελληνικό χώρο, με τη χρήση πολυμέσων, τρισδιάστατων γραφικών, καθώς και εφαρμογών τρισδιάστατης προσομοίωσης σε πραγματικό χρόνο....

Πλήρης περιγραφή

Αποθηκεύτηκε σε:
Λεπτομέρειες βιβλιογραφικής εγγραφής
Κύριος συγγραφέας: Γκάτσος, Έκτορας
Συγγραφή απο Οργανισμό/Αρχή: Πανεπιστήμιο Αιγαίου. Σχολή Κοινωνικών Επιστημών. Τμήμα Πολιτισμικής Τεχνολογίας και Επικοινωνίας. Πρόγραμμα Μεταπτυχιακών Σπουδών Πολιτισμική Πληροφορική και Επικοινωνία
Μορφή: Thesis Βιβλίο
Γλώσσα:Greek
Δημοσίευση: 2014.
Θέματα:
Διαθέσιμο Online:http://hdl.handle.net/11610/16069
Ετικέτες: Προσθήκη ετικέτας
Δεν υπάρχουν, Καταχωρήστε ετικέτα πρώτοι!

MARC

LEADER 00000cam a2200000 a 4500
001 1/107985
008 150819s2014####gr a ||| |||| ||gre||
040 |a GR-MyUa  |b gre  |c GR-MyUa  |e AACR2 
041 0 |a gre 
082 7 |a 006.76   |2 (23)  
100 1 |a Γκάτσος, Έκτορας. 
245 1 3 |a Οι ανεμόμυλοι στο Αιγαίο :   |b διπλωματική εργασία /  |c Έκτορας Γκάτσος ; επιβλέπων καθηγητής: Δημήτρης Παπαγεωργίου.  
260 |c 2014.  
300 |a 97 σ. :   |b εικ. ;   |c 30 εκ.  
500 |a Η εργασία συνοδεύεται από εφαρμογή.  
502 |a Διατριβή (μεταπτυχιακή) - Πανεπιστήμιο Αιγαίου, Λέσβος, 2014.  
504 |a Περιλαμβάνει βιβλιογραφία και παράρτημα.  
506 1 |a Ηλεκτρονική διάθεση στο πλήρες κείμενο – περιορισμένης πρόσβασης.   |d Ελεύθερη διάθεση μόνο στα μέλη του Πανεπιστημίου Αιγαίου.  
520 8 |a Σκοπός της παρούσας εργασίας είναι η ανάδειξη των ανεμόμυλων τύπου «κοινού πυργόμυλου» στον ελληνικό χώρο, με τη χρήση πολυμέσων, τρισδιάστατων γραφικών, καθώς και εφαρμογών τρισδιάστατης προσομοίωσης σε πραγματικό χρόνο.  
650 0 |a Windmills  |z Greece  |x History. 
650 0 |a Windmills  |x Interactive multimedia. 
650 0 |a Computer graphics. 
650 0 |a Computer animation. 
700 1 |a Παπαγεωργίου, Δημήτρης,  |e dgs 
710 2 |a Πανεπιστήμιο Αιγαίου.   |b Σχολή Κοινωνικών Επιστημών.   |b Τμήμα Πολιτισμικής Τεχνολογίας και Επικοινωνίας.   |b Πρόγραμμα Μεταπτυχιακών Σπουδών Πολιτισμική Πληροφορική και Επικοινωνία. 
852 |a INST  |b LESVOS  |c DIATR  |e 20150819  |h 579  |p 005100056723  |q 005100056723  |t MTXE  |y 23 
852 |a INST  |b LESVOS  |c DIATR  |e 20150819  |h 580  |p 005100056724  |q 005100056724  |t MTXE  |y 23 
856 |u http://hdl.handle.net/11610/16069 
924 |a Γκάτσος   |b Έκτορας   |y Λέσβος  |z 2014-05  
970 |a Τζαφέρη   |b Ευαγγελία   |z 19-08-2015